Znehodnocujúci sa dolár mení usporiadanie menových vzťahov

Autor poukazuje na spôsob, akým meniaci sa pomer síl vo svete, podhodnotené a nadhodnotené meny vplývajú na výkonnosť ekonomík a svetového hospodárstva. Osobitnú pozornosť venuje vplyvu znehodnocujúceho sa dolára na inštitucionálne usporiadanie menových vzťahov a na riziká, ktoré sú spojené s neustá...

Descrizione completa

Salvato in:
Dettagli Bibliografici
Autore principale: Bachár, Vladimír
Natura: Capitolo di libro
Lingua:slovacco
Soggetti:
Tags: Aggiungi Tag
Nessun Tag, puoi essere il primo ad aggiungerne!!

MARC

LEADER 00000nla$a2200000$$$4500
001 0129132
005 20221207081600.0
041 0 |a slo 
044 |a SK 
245 1 0 |a Znehodnocujúci sa dolár mení usporiadanie menových vzťahov  |c Vladimír Bachár 
520 |a Autor poukazuje na spôsob, akým meniaci sa pomer síl vo svete, podhodnotené a nadhodnotené meny vplývajú na výkonnosť ekonomík a svetového hospodárstva. Osobitnú pozornosť venuje vplyvu znehodnocujúceho sa dolára na inštitucionálne usporiadanie menových vzťahov a na riziká, ktoré sú spojené s neustálou destabilizáciou menových vzťahov a s protekcionizmom vo svetovom hospodárstve. 
610 2 0 |a systém menový medzinárodný 
610 2 0 |a dolár 
610 2 0 |a hospodárstvo svetové 
610 2 0 |a trh svetový 
100 1 |a Bachár, Vladimír